Anar al contingut

Экономика труда Учебное пособие

В учебном пособии рассматриваются вопросы экономики труда в органической взаимосвязи как единство социально-экономических трудовых отношений исключительно важных по значению и приобретающих острый характер в процессе осуществления рыночных реформ в России. Представлены методологические основы соврем...

Descripció completa

Guardat en:
Dades bibliogràfiques
Autor principal: Остапенко Ю. М.
Format: Учебное пособие
Edició:2
Col·lecció:Высшее образование: Магистратура
Accés en línia:https://znanium.com/catalog/document?id=107581
https://znanium.com/cover/0484/484520.jpg
Etiquetes: Afegir etiqueta
Sense etiquetes, Sigues el primer a etiquetar aquest registre!
LEADER 03221nam0a2200373 i 4500
001 RU\infra-m\znanium\bibl\484520
003 https://znanium.com/catalog/document?id=107581
005 20190327000000.0
010 |a 978-5-16-010322-8 
010 |a 978-5-16-102271-9  |b электр. издание 
100 |a 20190327d2015 m y0rusy0150 ca 
101 0 |a rus 
102 |a RU 
200 1 |a Экономика труда  |e Учебное пособие  |f Государственный университет управления 
205 |a 2  |b перераб. и доп. 
210 1 |a Москва  |c ООО "Научно-издательский центр ИНФРА-М"  |d 2015 
215 |a 272 с. 
225 1 |a Высшее образование: Магистратура 
330 |a В учебном пособии рассматриваются вопросы экономики труда в органической взаимосвязи как единство социально-экономических трудовых отношений исключительно важных по значению и приобретающих острый характер в процессе осуществления рыночных реформ в России. Представлены методологические основы современной экономики труда предмет задачи этой дисциплины рассмотрены труд как основа жизнедеятельности общества занятость населения формирование и регулирование рынка труда экономика социальной составляющей трудового процесса аудит в трудовой сфере и регулирование трудовых отношений в современных условиях. Учебное пособие подготовлено в соответствии с государственным образовательным стандартом высшего профессионального образования для учебной дисциплины «Экономика труда». 
333 |a ВО - Бакалавриат 
606 |a Экономика. Бухгалтерский учет. Финансы  |x Экономика труда  |2 local 
608 |a Учебное пособие  |2 local 
675 |a 331(075.8)  |z rus 
686 |a 65.24я73  |2 rubbk 
686 |a 38.03.01  |2 okso 
686 |a 38.03.02  |2 okso 
686 |a 38.03.03  |2 okso 
686 |a 38.04.01  |2 okso 
686 |a 38.04.03  |2 okso 
686 |a 41.03.06  |2 okso 
700 1 |a Остапенко  |b Ю. М.  |g Юлия Михайловна  |p Государственный университет управления 
801 0 |a RU  |b Общество с ограниченной ответственностью «ЗНАНИУМ»  |c 20140822  |2 rusmarc 
856 4 |a znanium.com  |m ebs_support@infra-m.ru  |n НИЦ ИНФРА-М  |u https://znanium.com/catalog/document?id=107581 
856 4 1 |a znanium.com  |d /cover/0484  |f 484520.jpg  |q image/jpeg  |u https://znanium.com/cover/0484/484520.jpg